000 00551nam a2200193Ia 4500
005 20250508161645.0
008 008 250505s9999 xx 000 0 eng d
037 _aTextual
040 _aFEDL
_beng
_cFEDL
041 _aeng
_2eng
084 _a301.296, PAD
_qFEDL
100 _aPaden John N. Ed.
245 0 _aAfrican experience. 2 vols
260 _aEvanston
_bNorthwestern University Press
_c1970
650 _aSociology
700 _a Soja Edward W. Ed.
_9771220
942 _cTEXL
_h301.296, PAD
999 _c1371375
_d1371375